| 000 | 00419nam a2200157Ia 4500 | ||
|---|---|---|---|
| 003 | LK-CoDNM | ||
| 008 | 010623t1991 xxu||||| |||| 00| 1 eng d | ||
| 040 |
_aLK-CoDNM _dLK-CoDNM _eLK-CoDNM |
||
| 041 | _aeng | ||
| 080 | _aX 398 KUL | ||
| 100 | _aKulatillake,C.De S. | ||
| 245 | _aEthnomusicology and Ethnomusicological Aspects of Sri Lanka | ||
| 260 |
_bGodage _aColombo _c1991 |
||
| 300 | _b104p, 21 cm | ||
| 942 | _cBK | ||
| 999 |
_c114982 _d114982 |
||